Paises cuya capital empieza por vocal - Estadísticas

Estadísticas generales
  • Esta prueba ha sido intentada 41 veces
  • La puntuación promedio es 12 de 15
Answers on the Grid
Answers color-coded by a green-red scale on the quiz's grid according to % correct below.
Paises Bajos
España
Nigeria
Jordania
Francia
Estados Unidos (E.E.U.U)
Canada
Pakistan
Chile
Italia
Iran
Noruega
Mongolia
Albania
Grecia
Argentina
Paraguay
Emiratos Arabes Unidos (EAU)
Turquia
Alemania
Malta
Egipto
Tunez
Indonesia
Kazajistan
Japon
Mozambique
Madagascar
Marruecos
Samoa
 
Estadísticas de respuestas
Respuesta % Correcto
Paises Bajos
100%
Canada
88%
Grecia
88%
Egipto
85%
Noruega
85%
Turquia
85%
Paraguay
82%
Emiratos Arabes Unidos (EAU)
76%
Mongolia
76%
Nigeria
76%
Samoa
71%
Kazajistan
68%
Madagascar
68%
Jordania
62%
Pakistan
62%
No se encontraron pruebas coincidentes
Distribución de puntuación
Porcentaje de gente con cada puntuación
Porcentaje por número respondido
Historial de tus puntuaciones
No has intentado esta prueba.